Beyond Biodiversity Conservation

Bibliographic Details
Main Author: Mohd Nazip Suratman
Format: Book
Published: Selangor : UiTM , 2014
Subjects:

MARC

LEADER 00000cam a2200000 7i4500
001 0000004053
005 20151030.0
020 0 0 |a 9789673630868 
090 0 0 |a 333.95   |b BIO 2014 
100 1 0 |a Mohd Nazip Suratman 
245 1 0 |a Beyond Biodiversity Conservation 
260 0 0 |a Selangor :   |b UiTM ,   |c 2014 
300 |a viii.320 pages :   |b ill. ;   |c 23 cm. 
500 0 0 |a Includes index 
650 0 0 |a Biodiversity conservation---Malaysia 
650 0 0 |a Biodiversity---Malaysia 
998 |a JPSM 
999 |a 007878   |b Monograph   |c Open Shelf   |e Default branch